|
|
|
|
| LEADER |
00000cam a2200000 a 4500 |
| 001 |
102393 |
| 005 |
20230308163736.0 |
| 008 |
994012|1993 ||||||||r|||||||||||spa|| |
| 020 |
|
|
|a 9978860371
|
| 040 |
|
|
|b spa
|
| 041 |
1 |
|
|a spa
|
| 082 |
0 |
|
|a 342.86
|
| 245 |
1 |
1 |
|a Leyes de federación de abogados del Ecuador y conexas, notarial, registro de inscripciones, arancel de derechos judiciales, derechos notariales, timbre judicial
|h imp
|
| 264 |
|
|
|a Quito
|b Corporación de Estudios y Publicaciones
|c 1993
|
| 300 |
|
|
|a 84 páginas:
|
| 500 |
|
|
|a actualizada abril de 1993
|
| 650 |
|
|
|a Ley de federacion de abogados
|9 41788
|
| 650 |
|
|
|a Ley para el juzgamiento de tinterillos
|9 41789
|
| 650 |
|
|
|a Ley de arancel de derechos judiciales
|9 41790
|
| 650 |
|
|
|a Ley notarial
|9 41791
|
| 650 |
|
|
|a Ley de derechos notariales
|9 41792
|
| 650 |
|
|
|a Ley de registros de inscripcion
|9 41793
|
| 852 |
|
|
|a UC-CDJBV
|c ESTANTERIA CERRADA
|f Compra
|k teresa.torres
|l 1
|m General
|p 19940125
|q 5.500
|r 2
|t 102393
|b 0
|d CDRC
|e CDRC
|g 342.86 ESTANTERIA CERRADA
|z 1994-40-12
|
| 942 |
|
|
|c BK
|
| 999 |
|
|
|c 22641
|d 22641
|